Marketing champions : practical strategies for improving marketing's power,influence and business impact.
| Main Author: | |
|---|---|
| Other Authors: | , |
| Format: | Book |
| Published: |
Hoboken:
John Wiley & Sons,
2006.
|
| Subjects: |
| LEADER | 00538cam a2200169 7i4500 | ||
|---|---|---|---|
| 001 | 0000020713 | ||
| 005 | 20080227090000.0 | ||
| 020 | 0 | 0 | |a 978-0-471-74495-5 |
| 090 | 0 | 0 | |a B 658.8 |b YOO |
| 100 | 0 | 0 | |a Young,Roy A |
| 245 | 0 | 0 | |a Marketing champions : |b practical strategies for improving marketing's power,influence and business impact. |
| 260 | 0 | 0 | |a Hoboken: |b John Wiley & Sons, |c 2006. |
| 300 | # | # | |a 270 p. |
| 650 | 0 | 0 | |a Marketing |
| 700 | 1 | 2 | |a Weiss, |h Allen M |
| 700 | 1 | 2 | |a Steward, |h David W |
| 999 | |a B000021855 |b Book |c Book |e Business Information Centre | ||


